00312nam a2200133Ia 4500003000400000005001700004008004100021020001500062040002000077100001700097245003100114260002500145300000800170OSt20240330161630.0170524s9999 xx 000 0 und d a8120336364 cIIMT UNIVERSITY aBhattacharya 0aWorking Capital Management aNew DelhibPHIc2009 a568